[Event "IECG CP.2000.Q.00006"]
[Site "IECG email"]
[Date "2001.10.01"]
[Round "?"]
[White "Jimenez Alonso, Julio"]
[Black "Surmont, Eric"]
[Result "0-1"]
[WhiteElo "2039"]
[BlackElo "1961"]
[PlyCount "68"]
[EventDate "2001.10.01"]
[EventType "tourn (corr)"]
[EventRounds "6"]
[SourceTitle "Corr 2008"]
[Source "ChessBase"]
[SourceDate "2008.06.24"]
[SourceVersion "1"]
[SourceVersionDate "2008.06.24"]
[SourceQuality "1"]

1. e4 c5 2. Nf3 d6 3. d4 cxd4 4. Nxd4 Nf6 5. Nc3 a6 6. f3 e5 7. Nb3 Be7 8. Be3 0-0 9. Qd2 Be6 10. 0-0-0 a5 11. Bb5 Nc6 12. Kb1 Qb8 13. g4 Rc8 14. g5 Ne8 15. Na4 Nb4 16. c3 Nxa2 17. Kxa2 Nc7 18. Bd3 b5 19. Nb6 a4 20. Kb1 axb3 21. Qf2 Qa7 22. Nxa8 Qa2+ 23. Kc1 Qa1+ 24. Kd2 Qxb2+ 25. Ke1 Qxc3+ 26. Qd2 Qxd2+ 27. Rxd2 Rxa8 28. Ke2 Bc4 29. Rc1 Ra4 30. h4 g6 31. Bf2 Kg7 32. Kd1 Ne6 33. Bb1 h6 34. gxh6+ Kxh6 0-1

[Event "IECG CP.2001.P.00040"]
[Site "IECG email"]
[Date "2001.10.01"]
[Round "?"]
[White "Machina, Alen"]
[Black "Jimenez Alonso, Julio"]
[Result "0-1"]
[WhiteElo "1750"]
[BlackElo "2039"]
[PlyCount "70"]
[EventDate "2001.10.01"]
[EventType "tourn (corr)"]
[EventRounds "6"]
[SourceTitle "Corr 2008"]
[Source "ChessBase"]
[SourceDate "2008.06.24"]
[SourceVersion "1"]
[SourceVersionDate "2008.06.24"]
[SourceQuality "1"]

1. e4 c5 2. Nf3 d6 3. d4 cxd4 4. Nxd4 Nf6 5. Nc3 a6 6. Be3 e6 7. Qd2 b5 8. f3 Nbd7 9. g4 Nb6 10. Qf2 Nfd7 11. f4 Bb7 12. f5 exf5 13. gxf5 b4 14. Nce2 Nf6 15. 0-0-0 Nxe4 16. Qg1 Nc4 17. Nf4 Qc7 18. Kb1 Rc8 19. Bg2 g6 20. Re1 d5 21. Bc1 Qe7 22. b3 Ncd6 23. fxg6 hxg6 24. Bh3 Rc7 25. Bb2 Rh4 26. Nxg6 fxg6 27. Qxg6+ Qf7 28. Qg2 Re7 29. Ref1 Qg7 30. Ne6 Qxg2 31. Rxf8+ Kd7 32. Bxg2 Rxe6 33. Rg8 d4 34. Kc1 Nb5 35. Rg7+ Re7 0-1